| 000 | 00510nam a22001697a 4500 | ||
|---|---|---|---|
| 999 |
_c478541 _d478541 |
||
| 003 | NUST | ||
| 005 | 20180601080143.0 | ||
| 008 | 180601b ||||| |||| 00| 0 eng d | ||
| 020 | _a9789810238216 | ||
| 038 | _aSNS Library | ||
| 082 | _a530.143 | ||
| 100 |
_aEditors R. Casalbuoni _910799 |
||
| 245 |
_aPath Integrals from peV to TeV _bProceedings of The Sixth International Conference _cEditors R. Casalbuoni |
||
| 260 |
_aSingapore _bWorld Scientific _c1999 |
||
| 300 |
_a619 p. _bHb. |
||
| 942 |
_2ddc _cBK |
||